Teste rápido de matemática - Teste curto de matemática - Quiz 3 - Statistics

Estatísticas Gerais
  • Esse quiz foi jogado 68 vezes
  • A pontuação média é 18 de 20
Estatísticas das Respostas
Hint Resposta % Correto
1 x 1 = 1
100%
10 x 10 = 100
100%
4 x 4 = 16
100%
5 x 5 = 25
100%
6 x 6 = 36
100%
2 x 2 = 4
100%
7 x 7 = 49
100%
8 x 8 = 64
100%
9 x 9 = 81
100%
3 x 3 = 9
100%
12 x 12 = 144
93%
11 x 11 = 121
91%
20 x 20 = 400
91%
13 x 13 = 169
80%
14 x 14 = 196
79%
15 x 15 = 225
77%
16 x 16 = 256
66%
17 x 17 = 289
64%
18 x 18 = 324
64%
19 x 19 = 361
63%
Nenhum quiz correspondente encontrado
Distribuição das Pontuações
Porcentagem de Pessoas com Cada Pontuação
Percentil de Números Respondidos
Sua Pontuação Histórica
Você não jogou esse quiz